[Event "1. OEsterreichische Internet Schach Meisterschaft - Vorrunde 3"]
[Site "Online - Playchess.com"]
[Date ""]
[Round "7"]
[Board "66"]
[White "Chen, Qingxia"]
[Black "Wimmer, Norbert"]
[Result "1-0"]
[WhiteElo "1776"]
[BlackElo "1973"]
[PlyCount "79"]
[EventDate "2020.04.17"]
[EventRounds "9"]
[EventCountry "AUT"]

1. e4 d5 2. exd5 Qxd5 3. Nc3 Qd6 4. Nf3 Nf6 5. d3 Bg4 6. h3 Bh5 7. Be2 a6 8. O-O
e6 9. Re1 Be7 10. a3 Nc6 11. Be3 O-O 12. Rc1 Nd5 13. Ne4 Qd8 14. Bd2 Bg6 15. Ng3
Bf6 16. c3 Qd6 17. d4 Nf4 18. Bxf4 Qxf4 19. Nh2 Rad8 20. Bd3 Bxd3 21. Qxd3 e5 22.
d5 Na5 23. c4 Qd4 24. Qxd4 exd4 25. Ne4 Be5 26. Nf3 f6 27. Nc5 Bd6 28. Ne6 Rfe8 29.
Nxd8 Rxd8 30. Nxd4 b6 31. b4 Nb7 32. Nc6 Rf8 33. Re2 b5 34. c5 Bf4 35. Rce1 a5 36.
Re8 axb4 37. Rxf8+ Kxf8 38. axb4 Bd2 39. Re7 Bf4 40. g3  1-0

[Event "1. OEsterreichische Internet Schach Meisterschaft - Vorrunde 3"]
[Site "Online - Playchess.com"]
[Date ""]
[Round "7"]
[Board "67"]
[White "Kucharski, Michael"]
[Black "Schein, Leopold"]
[Result "1-0"]
[WhiteElo "1948"]
[BlackElo "1584"]
[PlyCount "113"]
[EventDate "2020.04.17"]
[EventRounds "9"]
[EventCountry "AUT"]

1. d4 d5 2. Nf3 Nf6 3. e3 c5 4. c3 Nc6 5. Nbd2 Bg4 6. h3 Bh5 7. Bd3 e6 8. O-O Be7
9. dxc5 Bxc5 10. Qa4 O-O 11. Nd4 Rc8 12. Nxc6 Rxc6 13. Qc2 d4 14. Nb3 dxc3 15. Nxc5
Rxc5 16. bxc3 Rd5 17. Be2 Bxe2 18. Qxe2 Qc7 19. Ba3 Rc8 20. Rac1 h6 21. c4 Ra5 22.
Bb4 Ra4 23. a3 a5 24. Qc2 Qc6 25. Bd2 Rxc4 26. Qb2 Qa6 27. Rxc4 Rxc4 28. Rc1 b5 29.
Rxc4 bxc4 30. Qb8+ Kh7 31. Qe5 a4 32. g4 Qc6 33. Bc3 Qe4 34. Qa5 Qb1+ 35. Kg2 Ne4
36. Be1 Qb3 37. f3 Nf6 38. Qc3 Qxc3 39. Bxc3 Nd5 40. Bd2 Kg6 41. Bc1 c3 42. Kf2 f5
43. Ke2 fxg4 44. hxg4 Kf6 45. Kd3 Kg5 46. e4+ Nf4+ 47. Kxc3 e5 48. Kb4 Kh4 49. Bxf4
exf4 50. e5 Kg5 51. Kc5 g6 52. Kd6 h5 53. gxh5 gxh5 54. e6 Kf6 55. e7 Kf7 56. Kd7
h4 57. e8=Q+  1-0

[Event "1. OEsterreichische Internet Schach Meisterschaft - Vorrunde 3"]
[Site "Online - Playchess.com"]
[Date ""]
[Round "7"]
[Board "68"]
[White "Maister, Dieter"]
[Black "Schwarz, Benedikt"]
[Result "1-0"]
[WhiteElo "1851"]
[BlackElo "1815"]
[PlyCount "145"]
[EventDate "2020.04.17"]
[EventRounds "9"]
[EventCountry "AUT"]

1. e4 e6 2. d4 d5 3. Nc3 Nf6 4. exd5 exd5 5. Nf3 Be7 6. Bd3 O-O 7. O-O c6 8. h3 Be6
9. Re1 Nbd7 10. Ng5 Ne4 11. Nxe6 fxe6 12. Nxe4 dxe4 13. Rxe4 Nf6 14. Rxe6 Qd7 15.
Re2 Bd6 16. c3 Rae8 17. Bg5 Rxe2 18. Qxe2 Re8 19. Qc2 Qf7 20. b3 g6 21. Rd1 Nd5 22.
Bc4 Bf4 23. Bxf4 Qxf4 24. Qd2 Qxd2 25. Rxd2 Re1+ 26. Kh2 b5 27. Bxd5+ cxd5 28. Kg3
Kf7 29. Kf3 Rc1 30. Kf4 Kf6 31. g4 g5+ 32. Kg3 Rxc3+ 33. f3 a5 34. Kf2 a4 35. bxa4
bxa4 36. Ke2 a3 37. Rd3 Rc2+ 38. Rd2 Rc3 39. Kf2 h6 40. Kg3 Kg6 41. Kg2 Kf6 42. Kg3
Kg6 43. h4 Kf6 44. hxg5+ hxg5 45. Kf2 Rc4 46. Ke2 Ke6 47. Kd3 Kf6 48. Rc2 Ke6 49.
Rxc4 dxc4+ 50. Kxc4 Kd6 51. d5 Kd7 52. Kc5 Kc7 53. d6+ Kd7 54. Kd5 Kd8 55. Ke5 Kd7
56. Kd5 Kd8 57. Ke6 Ke8 58. Kf6 Kd7 59. Kxg5 Kxd6 60. f4 Ke7 61. f5 Kf8 62. f6 Kf7
63. Kf5 Kf8 64. g5 Kg8 65. g6 Kf8 66. Ke5 Kg8 67. Ke6 Kf8 68. Kd6 Kg8 69. Ke7 Kh8
70. g7+ Kg8 71. f7+ Kxg7 72. f8=Q+ Kg6 73. Qf6+  1-0

[Event "1. OEsterreichische Internet Schach Meisterschaft - Vorrunde 3"]
[Site "Online - Playchess.com"]
[Date ""]
[Round "7"]
[Board "69"]
[White "Andreatta, Ralph"]
[Black "Hofstadler, Mario"]
[Result "0-1"]
[WhiteElo "1623"]
[BlackElo "1867"]
[PlyCount "102"]
[EventDate "2020.04.17"]
[EventRounds "9"]
[EventCountry "AUT"]

1. d4 Nf6 2. c4 c5 3. d5 b5 4. e3 d6 5. a3 g6 6. Nf3 Bg7 7. Bd3 bxc4 8. Bxc4 O-O
9. h3 Nbd7 10. O-O Rb8 11. Nc3 Nb6 12. Bd3 Bb7 13. Rb1 Nbxd5 14. Nxd5 Bxd5 15. Qe2
Be6 16. Rd1 Nd7 17. b4 cxb4 18. axb4 Nc5 19. Bc4 Bxc4 20. Qxc4 Ne6 21. e4 Qb6 22.
Be3 Qb7 23. Nd4 Nxd4 24. Bxd4 Rfc8 25. Qd3 Bxd4 26. Qxd4 Qb6 27. Qd5 Qb5 28. Qd4
Rc4 29. Qxa7 Rb7 30. Qa8+ Kg7 31. Qa1+ Kg8 32. Re1 Rxb4 33. Rxb4 Qxb4 34. Qa8+ Kg7
35. Qa1+ Qb2 36. Qa4 Qb4 37. Qa1+ Qb2 38. Qa4 Rb5 39. Qa7 Qe5 40. f3 Rb2 41. Qe3
Rc2 42. Re2 Qc5 43. Qxc5 Rxc5 44. Rd2 Kf6 45. Kf2 Ke5 46. g3 e6 47. h4 h5 48. Ke3
Rc3+ 49. Kf2 f5 50. exf5 exf5 51. Rd5+ Kxd5  0-1

[Event "1. OEsterreichische Internet Schach Meisterschaft - Vorrunde 3"]
[Site "Online - Playchess.com"]
[Date ""]
[Round "7"]
[Board "70"]
[White "Wurzer, Gerhard"]
[Black "Fugger, Christian"]
[Result "1/2-1/2"]
[WhiteElo "1889"]
[BlackElo "1807"]
[PlyCount "110"]
[EventDate "2020.04.17"]
[EventRounds "9"]
[EventCountry "AUT"]

1. c3 e6 2. d3 d5 3. Qc2 c5 4. e4 dxe4 5. dxe4 Nf6 6. Nf3 Be7 7. Be2 Nc6 8. Nbd2
O-O 9. Nf1 b6 10. Ng3 Bb7 11. O-O Qc7 12. b3 Rfd8 13. Bb2 Rd7 14. Rad1 Rad8 15. Rxd7
Rxd7 16. Rd1 Rxd1+ 17. Bxd1 Bd6 18. Nf1 Ne5 19. N1d2 Nxf3+ 20. Bxf3 Bxh2+ 21. Kf1
Bf4 22. Nc4 Qd7 23. Ke2 Ba6 24. Qd3 Qxd3+ 25. Kxd3 Nd7 26. Kc2 Bxc4 27. bxc4 Ne5
28. Be2 Kf8 29. g3 Bh6 30. Kb3 f5 31. exf5 exf5 32. a4 f4 33. gxf4 Bxf4 34. a5 Ke7
35. axb6 axb6 36. Ka4 Kd6 37. Kb5 Kc7 38. Ba3 g6 39. Bxc5 bxc5 40. Kxc5 h5 41. Kd5
Nc6 42. Ke4 Bd2 43. Bf3 Bxc3 44. Kf4 Bf6 45. Be4 Ne5 46. c5 h4 47. c6 g5+ 48. Ke3
h3 49. f4 Nxc6 50. fxg5 Bxg5+ 51. Kf3 Bf4 52. Kxf4 Nd4 53. Kg3 Ne6 54. Kxh3 Ng5+
55. Kg4 Nxe4  1/2-1/2

[Event "1. OEsterreichische Internet Schach Meisterschaft - Vorrunde 3"]
[Site "Online - Playchess.com"]
[Date ""]
[Round "7"]
[Board "71"]
[White "Hoelzl, Bernhard"]
[Black "Kwech, Gregor"]
[Result "1-0"]
[WhiteElo "1392"]
[BlackElo "1064"]
[PlyCount "67"]
[EventDate "2020.04.17"]
[EventRounds "9"]
[EventCountry "AUT"]

1. d4 Nf6 2. Nf3 g6 3. Bg5 Bg7 4. e3 O-O 5. Bd3 d6 6. O-O Bg4 7. Nbd2 Nbd7 8. c4
c5 9. Qc2 Rc8 10. b3 a6 11. a4 h6 12. Bh4 g5 13. Bg3 Bxf3 14. Nxf3 Re8 15. Rad1 b6
16. dxc5 Nxc5 17. Nd4 h5 18. h3 h4 19. Bh2 Nxd3 20. Rxd3 e6 21. Rfd1 d5 22. Qd2 dxc4
23. bxc4 Rxc4 24. Nxe6 Qe7 25. Nxg5 Rxa4 26. Bd6 Qe6 27. Nxe6 Rxe6 28. Bc7 Ne4 29.
Rd8+ Kh7 30. Qc2 Re5 31. Bxe5 Bxe5 32. Re8 Bg7 33. Rxe4 Rxe4 34. Qxe4+  1-0

[Event "1. OEsterreichische Internet Schach Meisterschaft - Vorrunde 3"]
[Site "Online - Playchess.com"]
[Date ""]
[Round "7"]
[Board "73"]
[White "Lammer, Michael"]
[Black "Schumi, Manfred"]
[Result "0-1"]
[WhiteElo "1501"]
[BlackElo "2202"]
[PlyCount "36"]
[EventDate "2020.04.17"]
[EventRounds "9"]
[EventCountry "AUT"]

1. e4 Nf6 2. d3 d5 3. exd5 Nxd5 4. Nc3 Nc6 5. Nxd5 Qxd5 6. Nf3 Bf5 7. Bf4 O-O-O 8.
c4 Qd7 9. Ng5 e5 10. Bg3 Bb4+ 11. Ke2 Bxd3+ 12. Kf3 Qf5+ 13. Ke3 Qxg5+ 14. f4 exf4+
15. Bxf4 Rhe8+ 16. Kf3 Nd4+ 17. Kf2 Qxf4+ 18. Kg1 Qe3#  0-1

[Event "1. OEsterreichische Internet Schach Meisterschaft - Vorrunde 3"]
[Site "Online - Playchess.com"]
[Date ""]
[Round "7"]
[Board "74"]
[White "Mayrhuber, Nikola"]
[Black "Ussar, Reinhard"]
[Result "1-0"]
[WhiteElo "2025"]
[BlackElo "1676"]
[PlyCount "83"]
[EventDate "2020.04.17"]
[EventRounds "9"]
[EventCountry "AUT"]

1. d4 Nf6 2. c4 c5 3. d5 b5 4. Nf3 e6 5. e4 Nxe4 6. Bd3 f5 7. Bxe4 fxe4 8. Ne5 Qf6
9. Ng4 Qd4 10. Qxd4 cxd4 11. dxe6 dxe6 12. cxb5 a6 13. Na3 Bb4+ 14. Bd2 Bxa3 15.
bxa3 axb5 16. Rc1 O-O 17. Bb4 Re8 18. Ne5 Nd7 19. Nc6 Bb7 20. Nxd4 Kf7 21. Nxb5 e3
22. Nd6+ Ke7 23. Nxb7+ Kf7 24. Nd6+ Kg6 25. Nxe8 exf2+ 26. Kxf2 Rxe8 27. Kg3 Ne5
28. Rc7 h5 29. h4 Ng4 30. Bc3 e5 31. Re1 Re6 32. Rc5 Kf5 33. Rc8 Kg6 34. Rc5 Kf5
35. Rc7 Kg6 36. a4 Kh6 37. a5 Kg6 38. Rc5 Kf5 39. Rb5 Kf6 40. Rb6 Kf7 41. Rxe6 Kxe6
42. a6  1-0

[Event "1. OEsterreichische Internet Schach Meisterschaft - Vorrunde 3"]
[Site "Online - Playchess.com"]
[Date ""]
[Round "7"]
[Board "76"]
[White "Schein, Alexander"]
[Black "Leitgeber, Christian"]
[Result "0-1"]
[WhiteElo "1631"]
[BlackElo "1904"]
[PlyCount "92"]
[EventDate "2020.04.17"]
[EventRounds "9"]
[EventCountry "AUT"]

1. e4 c5 2. Nf3 d6 3. d4 cxd4 4. Nxd4 Nf6 5. Nc3 a6 6. Bc4 b5 7. Bb3 e5 8. Nf3 Bb7
9. Bg5 Be7 10. Bxf6 Bxf6 11. Nd5 Bxd5 12. Bxd5 Ra7 13. O-O O-O 14. Nd2 Qc7 15. c4
b4 16. Qa4 a5 17. Rac1 Na6 18. Qc2 Nc5 19. Rfd1 Bg5 20. Rb1 Kh8 21. Nf3 Be7 22. Qe2
Qd7 23. Nd2 f5 24. f3 Bg5 25. Nb3 Ne6 26. Bxe6 Qxe6 27. exf5 Rxf5 28. Rd5 a4 29.
Nc5 dxc5 30. Rxc5 h6 31. Rd1 Rd7 32. Rxd7 Qxd7 33. Rxe5 Rxe5 34. Qxe5 Qd1+ 35. Kf2
Qd2+ 36. Kg3 Qc2 37. Qe8+ Kh7 38. Qe5 Bf6 39. Qd5 Qg6+ 40. Kf2 Bxb2 41. c5 b3 42.
axb3 a3 43. c6 a2 44. c7 Qc2+ 45. Kg3 Qxc7+ 46. Qe5 Bxe5+  0-1

[Event "1. OEsterreichische Internet Schach Meisterschaft - Vorrunde 3"]
[Site "Online - Playchess.com"]
[Date ""]
[Round "7"]
[Board "78"]
[White "Stolzlechner, Andreas"]
[Black "Kanzian, Heinz"]
[Result "1-0"]
[WhiteElo "1883"]
[BlackElo "1642"]
[PlyCount "117"]
[EventDate "2020.04.17"]
[EventRounds "9"]
[EventCountry "AUT"]

1. e4 e5 2. Nf3 d6 3. d4 exd4 4. Nxd4 Be7 5. Nc3 Bf6 6. Be3 Ne7 7. Bc4 Nbc6 8. O-O
O-O 9. a3 a6 10. Qd2 Nxd4 11. Bxd4 Bxd4 12. Qxd4 Nc6 13. Qe3 Be6 14. Be2 Ne5 15.
Rad1 Bc4 16. f4 Bxe2 17. Qxe2 Nc6 18. Rf3 Qe7 19. Rg3 Qf6 20. Nd5 Qxb2 21. Nxc7 Rac8
22. Nd5 Nd4 23. Qg4 g6 24. Ne7+ Kg7 25. Nxc8 Qxc2 26. Rxd4 Rxc8 27. Qd1 Qc5 28. Kh1
Re8 29. Rgd3 b5 30. h3 a5 31. Rd5 Qc4 32. Qa1+ Kh6 33. Qd4 Qc1+ 34. Rd1 Qxf4 35.
Qd2 Qxd2 36. R1xd2 Rxe4 37. Rxd6 Re3 38. R2d3 Re1+ 39. Kh2 Rb1 40. R6d5 b4 41. axb4
axb4 42. Rb5 f5 43. Rd4 b3 44. Rdb4 Kg5 45. Rxb3 Re1 46. Rb7 h5 47. R3b4 h4 48. Ra7
Re3 49. Raa4 Kf6 50. Rxh4 g5 51. Rh6+ Ke5 52. Rg6 g4 53. hxg4 fxg4 54. Rgxg4 Kf5
55. Rgb4 Re8 56. Ra5+ Kf6 57. Rb6+ Re6 58. Rxe6+ Kxe6 59. g4  1-0

[Event "1. OEsterreichische Internet Schach Meisterschaft - Vorrunde 3"]
[Site "Online - Playchess.com"]
[Date ""]
[Round "7"]
[Board "79"]
[White "Virag, Herbert"]
[Black "Kipman, Felix"]
[Result "1-0"]
[WhiteElo "1776"]
[BlackElo "1576"]
[PlyCount "37"]
[EventDate "2020.04.17"]
[EventRounds "9"]
[EventCountry "AUT"]

1. d4 d5 2. Bf4 Nf6 3. e3 e6 4. Nd2 c5 5. c3 Nc6 6. Ngf3 Bd6 7. Bg3 O-O 8. Bd3 Qc7
9. O-O c4 10. Bc2 Ne7 11. Bh4 Ng4 12. h3 Nh2 13. Nxh2 Bxh2+ 14. Kh1 Nf5 15. Qg4 Bd6
16. Nf3 h6 17. Bf6 Be7 18. Be5 Nd6 19. Qxg7#  1-0

[Event "1. OEsterreichische Internet Schach Meisterschaft - Vorrunde 3"]
[Site "Online - Playchess.com"]
[Date ""]
[Round "7"]
[Board "80"]
[White "Haemmerle, Dietmar"]
[Black "Ardelt, Hannes"]
[Result "0-1"]
[WhiteElo "1762"]
[BlackElo "1732"]
[PlyCount "150"]
[EventDate "2020.04.17"]
[EventRounds "9"]
[EventCountry "AUT"]

1. e4 g6 2. Nf3 Bg7 3. Bc4 e6 4. d4 Ne7 5. Nc3 O-O 6. O-O b6 7. e5 Bb7 8. Be3 d6
9. exd6 cxd6 10. Qd2 d5 11. Bb3 Nf5 12. Rfe1 Nxe3 13. Qxe3 Nc6 14. Ne2 Qf6 15. c3
a6 16. Ng3 Qd8 17. a3 a5 18. Rac1 b5 19. Bc2 a4 20. Rcd1 Na5 21. Qe2 Ba6 22. Bd3
Nc4 23. Ne5 Nxe5 24. dxe5 Qb6 25. h3 Rfb8 26. Kh2 Qc6 27. f4 Qc5 28. Qe3 Qxe3 29.
Rxe3 Bh6 30. Rf3 Bg7 31. Rf2 Rc8 32. Rdd2 Rab8 33. h4 Rc7 34. h5 Bc8 35. hxg6 hxg6
36. Nf1 Kf8 37. g4 Ke7 38. Kg3 Bd7 39. Rh2 Rcc8 40. Rh7 Rg8 41. Rdh2 Rbc8 42. Ne3
Kd8 43. f5 gxf5 44. gxf5 exf5 45. Kf3 Bxe5 46. Rg2 Rxg2 47. Kxg2 Be6 48. Nxf5 Bxf5
49. Bxf5 Rc7 50. Kf3 Ke7 51. Rh6 Bf6 52. Rh4 Kd6 53. Rb4 Rb7 54. Bd3 Kc5 55. Ke3
Be5 56. Bf5 f6 57. Bd3 Rb6 58. Bg6 Rb7 59. Be8 Rb6 60. Bd7 Rb7 61. Kd3 Rxd7 62. Rh4
Rg7 63. Kc2 Rg2+ 64. Kb1 f5 65. Rh5 Rf2 66. Rh4 Bd6 67. Kc1 f4 68. Kb1 f3 69. Rd4
Rf1+ 70. Kc2 f2 71. Kd2 Re1 72. b4+ Kc6 73. Rh4 f1=Q 74. Rh8 Rd1+ 75. Kc2 Qe2#  0-1

[Event "1. OEsterreichische Internet Schach Meisterschaft - Vorrunde 3"]
[Site "Online - Playchess.com"]
[Date ""]
[Round "7"]
[Board "82"]
[White "Ploeckinger, Paul"]
[Black "Galler, Alexander"]
[Result "1-0"]
[WhiteElo "1334"]
[BlackElo "1772"]
[PlyCount "125"]
[EventDate "2020.04.17"]
[EventRounds "9"]
[EventCountry "AUT"]

1. b4 d5 2. Bb2 Nf6 3. Nf3 e6 4. b5 Be7 5. e3 O-O 6. c4 c6 7. cxd5 exd5 8. bxc6 Nxc6
9. d4 Re8 10. Be2 Bb4+ 11. Nc3 Ne4 12. Qc2 Bf5 13. O-O Ng3 14. Qd1 Nxf1 15. Bxf1
Bxc3 16. Bxc3 Be4 17. Nd2 Bg6 18. Qb3 Rb8 19. Nf3 Be4 20. Nd2 Bg6 21. Nf3 b6 22.
Rc1 Na5 23. Qa4 Be4 24. Nd2 f5 25. Nxe4 fxe4 26. Bb5 Rf8 27. Be1 Rc8 28. Rxc8 Qxc8
29. Bxa5 bxa5 30. Qxa5 Qc1+ 31. Bf1 Qc6 32. Bb5 Qf6 33. Qd2 a6 34. Ba4 Rb8 35. Bb3
Qc6 36. h3 a5 37. Qxa5 Qc1+ 38. Kh2 Qc8 39. Qxd5+ Kh8 40. Qxe4 Qc7+ 41. Qf4 Qxf4+
42. exf4 g6 43. Kg3 Kg7 44. f3 Kf6 45. Kg4 h5+ 46. Kg3 Kf5 47. Kf2 Rd8 48. Ke3 Re8+
49. Kd3 Kxf4 50. d5 Re3+ 51. Kd4 Re2 52. d6 Rd2+ 53. Kc5 Ke5 54. f4+ Kxf4 55. Kc6
Ke5 56. d7 Kf6 57. Kc7 Ke7 58. Ba4 Rd4 59. Bc6 Rd3 60. a4 Rd6 61. a5 Rd3 62. a6 Ra3
63. d8=Q+  1-0

[Event "1. OEsterreichische Internet Schach Meisterschaft - Vorrunde 3"]
[Site "Online - Playchess.com"]
[Date ""]
[Round "7"]
[Board "83"]
[White "Katter, Marlene"]
[Black "Moerwald, Miriam"]
[Result "1-0"]
[WhiteElo "1609"]
[BlackElo "1760"]
[PlyCount "183"]
[EventDate "2020.04.17"]
[EventRounds "9"]
[EventCountry "AUT"]

1. d4 d5 2. Bf4 Nf6 3. e3 c5 4. c3 Nc6 5. Nd2 e6 6. Ngf3 Be7 7. Bb5 Qb6 8. Bxc6+
bxc6 9. Qb3 O-O 10. O-O Nh5 11. Qxb6 axb6 12. Bc7 b5 13. h3 Bd7 14. Bh2 Ra7 15. a3
cxd4 16. exd4 Rfa8 17. Rac1 Nf6 18. Ne5 Be8 19. Ndf3 Rb7 20. Ne1 Ne4 21. N1d3 f6
22. Nf3 Bh5 23. g4 Bg6 24. Nh4 Bf7 25. f4 Nd2 26. Rfd1 Ne4 27. Nf2 Nxf2 28. Kxf2
f5 29. Nf3 Rc8 30. Ne5 Be8 31. Bg3 fxg4 32. hxg4 c5 33. dxc5 Bxc5+ 34. Kf3 Rbc7 35.
Nd3 Bd6 36. Nb4 Bxb4 37. axb4 Bg6 38. f5 exf5 39. Bxc7 fxg4+ 40. Kxg4 Rxc7 41. Rxd5
Rc4+ 42. Kg3 Be4 43. Rd4 Rxd4 44. cxd4 Kf7 45. Re1 Bd5 46. Re5 Bc4 47. Rc5 Ke6 48.
Kf4 h6 49. Rc6+ Kd5 50. Rg6 Bd3 51. Rxg7 Kxd4 52. Rc7 Kd5 53. Kg4 Be2+ 54. Kf4 h5
55. Ke3 Bg4 56. Rb7 Kc4 57. Kd2 Kxb4 58. Kc2 Bf5+ 59. Kc1 Bd3 60. Rd7 Kc4 61. Rd6
h4 62. Rh6 h3 63. Rxh3 Be4 64. Rc3+ Kb4 65. Kd2 Bd5 66. Kc2 Bc4 67. Kd2 Kc5 68. b3
Kb4 69. bxc4 bxc4 70. Rc1 Kc5 71. Kc3 Kd5 72. Rh1 Kc5 73. Rh4 Kd5 74. Rxc4 Ke5 75.
Kd3 Kd5 76. Ra4 Ke5 77. Ra5+ Kf4 78. Kd4 Kf3 79. Re5 Kf4 80. Kd5 Kf3 81. Re4 Kf2
82. Kd4 Kf3 83. Kd3 Kf2 84. Re3 Kg2 85. Ke2 Kg1 86. Rf3 Kg2 87. Ke3 Kg1 88. Rf2 Kh1
89. Kf3 Kg1 90. Rd2 Kh1 91. Kg3 Kg1 92. Rd1#  1-0

[Event "1. OEsterreichische Internet Schach Meisterschaft - Vorrunde 3"]
[Site "Online - Playchess.com"]
[Date ""]
[Round "7"]
[Board "84"]
[White "Pristernik, Arnold"]
[Black "Tischler, Michel"]
[Result "1/2-1/2"]
[WhiteElo "1551"]
[BlackElo "1517"]
[PlyCount "173"]
[EventDate "2020.04.17"]
[EventRounds "9"]
[EventCountry "AUT"]

1. d4 Nf6 2. Nf3 e6 3. c4 b6 4. Bg5 Bb7 5. Nbd2 h6 6. Bh4 c5 7. e3 Be7 8. Be2 O-O
9. O-O d5 10. cxd5 Nxd5 11. Bxe7 Qxe7 12. Ne5 cxd4 13. exd4 Nd7 14. Nxd7 Qxd7 15.
Nf3 Rad8 16. Bc4 Nf6 17. Rc1 Bxf3 18. gxf3 Qxd4 19. Qxd4 Rxd4 20. Rfd1 Rfd8 21. Be2
Kf8 22. Rxd4 Rxd4 23. Rc8+ Ke7 24. Rc7+ Rd7 25. Rc2 Nd5 26. a3 Nf4 27. Bb5 Rd1+ 28.
Bf1 Kd6 29. Rc8 g6 30. Rd8+ Ke5 31. Rxd1 Nd5 32. Bc4 Nf4 33. Kf1 a5 34. Rd7 f5 35.
Rb7 Kd4 36. Ba2 Kc5 37. Rc7+ Kd6 38. Rc1 g5 39. Re1 h5 40. Bb3 h4 41. h3 Kd7 42.
Rd1+ Ke7 43. Rc1 Kd6 44. Rd1+ Ke7 45. Rd4 e5 46. Rxf4 gxf4 47. Ke2 Kd6 48. Kd3 Kc5
49. Bc4 b5 50. Ba2 b4 51. axb4+ Kxb4 52. Kc2 Kc5 53. Be6 Kb4 54. Bxf5 Kc5 55. Be4
Kb4 56. Bf5 Kc5 57. Kc3 Kd5 58. Be4+ Kc5 59. b3 Kb5 60. Bc2 Kc5 61. Bd3 Kd5 62. b4
axb4+ 63. Kxb4 Kd4 64. Bf1 Kd5 65. Kb5 Kd4 66. Kc6 Kc3 67. Kd6 Kd2 68. Kxe5 Ke1 69.
Kxf4 Kxf1 70. Kg4 Kxf2 71. f4 Ke3 72. f5 Ke4 73. f6 Ke5 74. f7 Ke6 75. f8=Q Kd5 76.
Qe7 Kd4 77. Kxh4 Kd5 78. Kg4 Kd4 79. Kf4 Kd5 80. h4 Kc4 81. h5 Kd5 82. h6 Kd4 83.
h7 Kd5 84. h8=Q Kc4 85. Qhd8 Kb5 86. Qec7 Ka6 87. Qdb8  1/2-1/2

[Event "1. OEsterreichische Internet Schach Meisterschaft - Vorrunde 3"]
[Site "Online - Playchess.com"]
[Date ""]
[Round "7"]
[Board "85"]
[White "Rosol, Philip"]
[Black "Wilplinger, Hugo"]
[Result "1-0"]
[WhiteElo "1468"]
[BlackElo "1629"]
[PlyCount "59"]
[EventDate "2020.04.17"]
[EventRounds "9"]
[EventCountry "AUT"]

1. Nf3 d5 2. d4 Nc6 3. Bf4 Nf6 4. e3 e6 5. Bb5 Bd7 6. O-O a6 7. Bxc6 Bxc6 8. c4 dxc4
9. Nc3 b5 10. a3 Bd6 11. Ne5 Bb7 12. b3 cxb3 13. Qxb3 Kf8 14. f3 Nd5 15. Nxd5 Bxd5
16. Qc3 Bxe5 17. Bxe5 Rc8 18. Rac1 Bc4 19. Rf2 f6 20. Bg3 Kf7 21. a4 c6 22. axb5
cxb5 23. Qa3 Re8 24. Qxa6 Ra8 25. Qb7+ Qe7 26. Qxe7+ Rxe7 27. h4 h5 28. Rb2 Ra3 29.
Bd6 Rd7 30. Bxa3  1-0

[Event "1. OEsterreichische Internet Schach Meisterschaft - Vorrunde 3"]
[Site "Online - Playchess.com"]
[Date ""]
[Round "7"]
[Board "86"]
[White "Dilly, Julian"]
[Black "Wimmer, Michael"]
[Result "0-1"]
[WhiteElo "1502"]
[BlackElo "1559"]
[PlyCount "62"]
[EventDate "2020.04.17"]
[EventRounds "9"]
[EventCountry "AUT"]

1. Nf3 d5 2. g3 Nf6 3. Bg2 e6 4. d3 c5 5. Nbd2 Nc6 6. c4 Be7 7. O-O Bd7 8. b3 O-O
9. Bb2 d4 10. e4 dxe3 11. fxe3 h6 12. d4 cxd4 13. Nxd4 Nxd4 14. Bxd4 Qc7 15. Qc2
Bc6 16. e4 Rad8 17. Bc3 Qb6+ 18. Kh1 Ng4 19. Nf3 Ne3 20. Qb2 Nxf1 21. Bxg7 Ne3 22.
Bxh6 f6 23. Bxf8 Kxf8 24. Re1 Nxc4 25. Qc1 Nd6 26. Qh6+ Ke8 27. Rd1 Nf7 28. Rxd8+
Qxd8 29. Qg7 Qd1+ 30. Ng1 Bc5 31. Qg8+ Ke7  0-1

[Event "1. OEsterreichische Internet Schach Meisterschaft - Vorrunde 3"]
[Site "Online - Playchess.com"]
[Date ""]
[Round "7"]
[Board "87"]
[White "Hessenberger, Andreas"]
[Black "Janes, Christian"]
[Result "1-0"]
[WhiteElo "2019"]
[BlackElo "1726"]
[PlyCount "43"]
[EventDate "2020.04.17"]
[EventRounds "9"]
[EventCountry "AUT"]

1. e4 e5 2. c3 Nf6 3. d4 exd4 4. e5 Qe7 5. cxd4 Nd5 6. Nc3 Nxc3 7. bxc3 Qe6 8. Bd3
d6 9. f4 dxe5 10. fxe5 Be7 11. Nf3 O-O 12. O-O c6 13. Bc2 b5 14. Qd3 g6 15. Bh6 Rd8
16. Qe3 Bb7 17. Ng5 Bxg5 18. Bxg5 Re8 19. Bf6 Nd7 20. Bb3 Qg4 21. Qh6 Nxf6 22. exf6
 1-0

[Event "1. OEsterreichische Internet Schach Meisterschaft - Vorrunde 3"]
[Site "Online - Playchess.com"]
[Date ""]
[Round "7"]
[Board "88"]
[White "Moerzinger, Christian Jun."]
[Black "Kranz, Armin"]
[Result "0-1"]
[WhiteElo "1638"]
[BlackElo "2119"]
[PlyCount "57"]
[EventDate "2020.04.17"]
[EventRounds "9"]
[EventCountry "AUT"]

1. e4 c5 2. Nf3 a6 3. g3 e6 4. Bg2 b6 5. O-O Bb7 6. b3 d6 7. Bb2 Nf6 8. d3 Be7 9.
Nbd2 Nbd7 10. c3 Qc7 11. d4 e5 12. d5 b5 13. c4 O-O 14. a4 h6 15. Ne1 b4 16. Nd3
Nh7 17. f4 exf4 18. Nxf4 Bf6 19. Bxf6 Nhxf6 20. Nh5 Nxh5 21. Qxh5 Rae8 22. Rae1 Ne5
23. Re3 Bc8 24. Bh3 Bxh3 25. Qxh3 Qe7 26. Qg2 Qg5 27. Nf3 Qxe3+ 28. Kh1 Qxe4 29.
Re1  0-1

[Event "1. OEsterreichische Internet Schach Meisterschaft - Vorrunde 3"]
[Site "Online - Playchess.com"]
[Date ""]
[Round "7"]
[Board "89"]
[White "Schwabeneder, Alois"]
[Black "Kwech, Martin"]
[Result "1/2-1/2"]
[WhiteElo "2004"]
[BlackElo "1105"]
[PlyCount "64"]
[EventDate "2020.04.17"]
[EventRounds "9"]
[EventCountry "AUT"]

1. e4 e5 2. Nf3 Nc6 3. d4 exd4 4. Bc4 Bc5 5. c3 d3 6. Qxd3 Nf6 7. Bg5 h6 8. Bh4 O-O
9. O-O Re8 10. Re1 d6 11. Nbd2 Bg4 12. Nb3 Bxf3 13. Qxf3 Ne5 14. Qe2 Bb6 15. Nd4
Ng6 16. Bxf6 Qxf6 17. Nf5 Ne5 18. Bb3 Nc6 19. Rad1 Ne7 20. Qg4 Nxf5 21. exf5 Kf8
22. h4 Rxe1+ 23. Rxe1 Re8 24. Rxe8+ Kxe8 25. Qe4+ Qe7 26. Qxb7 Qe1+ 27. Kh2 Qxf2
28. Qe4+ Kf8 29. Qa8+ Ke7 30. Qe4+ Kf8 31. Qa8+ Ke7 32. Qe4+ Kf8  1/2-1/2

[Event "1. OEsterreichische Internet Schach Meisterschaft - Vorrunde 3"]
[Site "Online - Playchess.com"]
[Date ""]
[Round "7"]
[Board "91"]
[White "Friedl, Markus"]
[Black "Pasteiner, Gernot"]
[Result "0-1"]
[WhiteElo "1824"]
[BlackElo "1632"]
[PlyCount "108"]
[EventDate "2020.04.17"]
[EventRounds "9"]
[EventCountry "AUT"]

1. e4 d5 2. exd5 Qxd5 3. d4 Nf6 4. Be3 Bg4 5. f3 Bf5 6. Nc3 Qa5 7. Bc4 c6 8. Nge2
e6 9. O-O Bd6 10. a3 O-O 11. Bd3 Qc7 12. Bxf5 exf5 13. g3 Re8 14. Qd2 Nh5 15. Kg2
Qe7 16. Bf4 Nxf4+ 17. Nxf4 Qg5 18. Rae1 Nd7 19. Nce2 h5 20. c3 h4 21. Qc1 hxg3 22.
hxg3 Nf6 23. Nh3 Qh5 24. Nef4 Bxf4 25. Nxf4 Qg5 26. Rxe8+ Rxe8 27. Re1 Rxe1 28. Qxe1
Nd5 29. Nh3 Ne3+ 30. Kf2 Qh6 31. Qxe3 Qxh3 32. Qe8+ Kh7 33. Qxf7 Qh2+ 34. Ke3 Qxg3
35. Qxf5+ Kg8 36. Qg4 Qe1+ 37. Kd3 Qf1+ 38. Kc2 Qf2+ 39. Kb3 Qe2 40. Qc8+ Kh7 41.
Qh3+ Kg8 42. Qc8+ Kh7 43. Qxb7 Qd1+ 44. Ka2 Qxf3 45. Qxa7 Qf7+ 46. Kb1 Qxa7 47. Kc2
Qb6 48. b4 Qb5 49. Kb3 Qd5+ 50. c4 Qxd4 51. a4 Qd3+ 52. Kb2 Qxc4 53. Ka3 Qc3+ 54.
Ka2 Qxb4  0-1